[Event "Titled Tuesday intern op 06th Oct"]
[Site "Chess.com INT"]
[Date "2020.10.06"]
[Round "2"]
[White "Brown, Equitable"]
[Black "Afonasieva, Anna"]
[Result "0-1"]
[WhiteElo "2057"]
[BlackElo "2279"]
[PlyCount "58"]
[EventDate "2020.10.06"]
[EventType "swiss (blitz)"]
[EventRounds "10"]
[EventCountry "USA"]
[SourceTitle "CBM 198 Extra"]
[Source "ChessBase"]
[SourceDate "2020.11.30"]
[SourceVersion "1"]
[SourceVersionDate "2020.11.30"]
[SourceQuality "1"]

1. d4 d5 2. c4 c6 3. Nc3 Nf6 4. Nf3 dxc4 5. a4 Bf5 6. Ne5 Nbd7 7. Nxc4 Nb6 8. Ne5 e6 9. f3 Bb4 10. e3 0-0 11. Be2 h6 12. 0-0 Bh7 13. e4 c5 14. Be3 cxd4 15. Bxd4 Rc8 16. Rc1 Bc5 17. Bxc5 Rxc5 18. Qxd8 Rxd8 19. Nd3 Rcc8 20. Rfd1 Bg6 21. Nf2 Rxd1+ 22. Rxd1 Nc4 23. Bxc4 Rxc4 24. Rd8+ Kh7 25. Nd3 a6 26. Ne5 Rc7 27. Nxg6 fxg6 28. Kf2 Nd7 29. Ke3 Ne5 0-1

[Event "Titled Tuesday intern op 06th Oct"]
[Site "Chess.com INT"]
[Date "2020.10.06"]
[Round "4"]
[White "Brown, Equitable"]
[Black "Garcia Blanco, Omar"]
[Result "0-1"]
[WhiteElo "2057"]
[BlackElo "2359"]
[PlyCount "80"]
[EventDate "2020.10.06"]
[EventType "swiss (blitz)"]
[EventRounds "10"]
[EventCountry "USA"]
[SourceTitle "CBM 198 Extra"]
[Source "ChessBase"]
[SourceDate "2020.11.30"]
[SourceVersion "1"]
[SourceVersionDate "2020.11.30"]
[SourceQuality "1"]

1. d4 Nf6 2. c4 g6 3. Nc3 d5 4. cxd5 Nxd5 5. e4 Nxc3 6. bxc3 Bg7 7. Bg5 c5 8. Rc1 Nc6 9. d5 Ne5 10. Nf3 0-0 11. Nxe5 Bxe5 12. Be2 Qa5 13. Qd2 Re8 14. f4 Bg7 15. 0-0 Bd7 16. Bh4 b5 17. e5 Rad8 18. Qe1 Bf5 19. c4 Qxa2 20. Ra1 Qb3 21. Rxa7 bxc4 22. d6 exd6 23. Bxd8 Rxd8 24. exd6 Bd4+ 25. Kh1 Rxd6 26. Bd1 Qe3 27. Qa5 Kg7 28. Qc7 Rf6 29. Bf3 c3 30. Bd5 Be6 31. Bxe6 Qxe6 32. h3 Qe3 33. Ra8 c2 34. Qd8 Kh6 35. Qf8+ Kh5 36. g4+ Kh4 37. Qh6+ Kg3 38. Ra3 Qxa3 39. Rg1+ Bxg1 40. Kxg1 Qc1# 0-1

[Event "Titled Tuesday intern op 22nd Sept"]
[Site "Chess.com INT"]
[Date "2020.09.22"]
[Round "7"]
[White "Antonova, Nadezhda"]
[Black "Brown, Equitable"]
[Result "0-1"]
[WhiteElo "1877"]
[BlackElo "2057"]
[PlyCount "86"]
[EventDate "2020.09.22"]
[EventType "swiss (blitz)"]
[EventRounds "10"]
[EventCountry "USA"]
[SourceTitle "CBM 198 Extra"]
[Source "ChessBase"]
[SourceDate "2020.11.30"]
[SourceVersion "1"]
[SourceVersionDate "2020.11.30"]
[SourceQuality "1"]

1. d4 f5 2. g3 Nf6 3. Bg2 g6 4. Nf3 Bg7 5. 0-0 0-0 6. c4 d6 7. Nc3 Qe8 8. Re1 Qf7 9. d5 Ne4 10. Nxe4 fxe4 11. Ng5 Qxf2+ 12. Kh1 Qc5 13. Qc2 b5 14. Qxe4 Qxc4 15. Qxe7 Nd7 16. Ne6 Bf6 17. Nxc7 Bxe7 18. Nxa8 Bb7 19. Bh6 Rxa8 20. Rac1 Qb4 21. a3 Qa5 22. b4 Qd8 23. h4 Ne5 24. Bf4 Rc8 25. Rxc8 Qxc8 26. Rc1 Qg4 27. Rc7 Bc8 28. Rxe7 h5 29. Re8+ Kf7 30. Rh8 Bf5 31. Rh7+ Ke8 32. Rh8+ Kd7 33. Rh7+ Kc8 34. Rxa7 Qxe2 35. Ra8+ Kb7 36. Re8 Qe1+ 37. Kh2 Ng4+ 38. Kh3 Qxe8 39. Bf3 Ne3+ 40. Kh2 Ng4+ 41. Kg1 Qe1+ 42. Kg2 Qf2+ 43. Kh1 Qh2# 0-1

[Event "Titled Tuesday intern op 22nd Sept"]
[Site "Chess.com INT"]
[Date "2020.09.22"]
[Round "2"]
[White "Nilsen, Tobias Lang"]
[Black "Brown, Equitable"]
[Result "1-0"]
[WhiteElo "2146"]
[BlackElo "2057"]
[PlyCount "79"]
[EventDate "2020.09.22"]
[EventType "swiss (blitz)"]
[EventRounds "10"]
[EventCountry "USA"]
[SourceTitle "CBM 198 Extra"]
[Source "ChessBase"]
[SourceDate "2020.11.30"]
[SourceVersion "1"]
[SourceVersionDate "2020.11.30"]
[SourceQuality "1"]

1. e4 c5 2. Nf3 d6 3. d4 cxd4 4. Qxd4 a6 5. c4 e6 6. Nc3 Nf6 7. Bg5 Be7 8. Be2 Qc7 9. 0-0 Nbd7 10. Rac1 b6 11. h3 Bb7 12. Be3 Rc8 13. b4 0-0 14. Rfd1 Qb8 15. Na4 Bxe4 16. Nxb6 Nxb6 17. Qxb6 Qa8 18. Qd4 a5 19. a3 Rfd8 20. Ne1 e5 21. Qd2 d5 22. c5 d4 23. Bg5 axb4 24. axb4 Nd5 25. Bxe7 Nxe7 26. Bf3 Bxf3 27. Nxf3 f6 28. Qb2 Nd5 29. Qb3 Kh8 30. b5 Qa5 31. c6 Rd6 32. Nxd4 exd4 33. Rxd4 Nc3 34. Qxc3 Qxc3 35. Rxc3 Rxd4 36. b6 Rb4 37. b7 Rc7 38. Rd3 h6 39. Rd8+ Kh7 40. b8Q 1-0

[Event "Titled Tuesday intern op 08th Sept"]
[Site "Chess.com INT"]
[Date "2020.09.08"]
[Round "4"]
[White "Wagh, Suyog"]
[Black "Brown, Equitable"]
[Result "1-0"]
[WhiteElo "2246"]
[BlackElo "2057"]
[PlyCount "95"]
[EventDate "2020.09.08"]
[EventType "swiss (blitz)"]
[EventRounds "10"]
[EventCountry "USA"]
[SourceTitle "CBM 198 Extra"]
[Source "ChessBase"]
[SourceDate "2020.11.30"]
[SourceVersion "1"]
[SourceVersionDate "2020.11.30"]
[SourceQuality "1"]

1. d4 f5 2. g3 Nf6 3. Bg2 g6 4. b4 Bg7 5. Bb2 0-0 6. c4 d6 7. Nf3 a5 8. b5 Ne4 9. 0-0 Nd7 10. a4 Nb6 11. Qc2 Be6 12. Na3 c5 13. bxc6 bxc6 14. Rab1 Rb8 15. Rfd1 c5 16. d5 Bd7 17. Nb5 g5 18. Bxg7 Kxg7 19. Ne1 Nf6 20. Nd3 Qe8 21. Rb2 Qg6 22. Rdb1 Nc8 23. Qc3 h5 24. Qxa5 e5 25. dxe6 Bxe6 26. Qc7+ Rf7 27. Qxb8 f4 28. Nxd6 Nxd6 29. Qxd6 fxg3 30. hxg3 Rd7 31. Rb7 Rxb7 32. Rxb7+ Bf7 33. Ne5 h4 34. Rxf7+ Qxf7 35. Nxf7 Kxf7 36. Qxf6+ Kxf6 37. gxh4 gxh4 38. a5 Ke5 39. a6 Kd4 40. Bd5 Kc3 41. a7 Kd2 42. a8Q Ke1 43. f4 h3 44. f5 h2+ 45. Kxh2 Kxe2 46. f6 Ke3 47. Qa3+ Kd4 48. f7 1-0

[Event "Titled Tuesday intern op 01st Sept"]
[Site "Chess.com INT"]
[Date "2020.09.01"]
[Round "8"]
[White "Brown, Equitable"]
[Black "Belenkaya, Dina"]
[Result "0-1"]
[WhiteElo "2057"]
[BlackElo "2297"]
[PlyCount "74"]
[EventDate "2020.09.01"]
[EventType "swiss (blitz)"]
[EventRounds "10"]
[EventCountry "USA"]
[SourceTitle "CBM 198 Extra"]
[Source "ChessBase"]
[SourceDate "2020.11.30"]
[SourceVersion "1"]
[SourceVersionDate "2020.11.30"]
[SourceQuality "1"]

1. d4 Nf6 2. c4 c5 3. d5 e5 4. Nc3 d6 5. g3 Be7 6. Bg2 a6 7. a4 Nbd7 8. Nf3 h6 9. 0-0 Nh7 10. e4 0-0 11. Bd2 Re8 12. Bh3 Ng5 13. Nxg5 Bxg5 14. a5 Rb8 15. Na4 b5 16. axb6 Nxb6 17. Ba5 Bxh3 18. Re1 Qc7 19. Nxb6 Rxb6 20. Qa4 Reb8 21. Reb1 Bd7 22. Bxb6 Rxb6 23. Qc2 Qb7 24. Ra2 Bg4 25. Rba1 h5 26. h4 Bd8 27. b3 Rxb3 28. Rxa6 Rb2 29. Ra7 Qb4 30. Qd3 Kh7 31. Rxf7 Bf6 32. Raa7 Rb1+ 33. Kg2 Qe1 34. Qxb1 Qxb1 35. Rxf6 Qxe4+ 36. f3 Qe2+ 37. Kg1 Bh3 0-1

[Event "Titled Tuesday intern op 01st Sept"]
[Site "Chess.com INT"]
[Date "2020.09.01"]
[Round "2"]
[White "Khalafova, Narmin Ilgar Qizi"]
[Black "Brown, Equitable"]
[Result "0-1"]
[WhiteElo "2279"]
[BlackElo "2057"]
[PlyCount "96"]
[EventDate "2020.09.01"]
[EventType "swiss (blitz)"]
[EventRounds "10"]
[EventCountry "USA"]
[SourceTitle "CBM 198 Extra"]
[Source "ChessBase"]
[SourceDate "2020.11.30"]
[SourceVersion "1"]
[SourceVersionDate "2020.11.30"]
[SourceQuality "1"]

1. e4 d6 2. d4 Nf6 3. Nc3 g6 4. g3 Bg7 5. Bg2 0-0 6. Nge2 c6 7. 0-0 a5 8. a4 e5 9. h3 Na6 10. Be3 Nb4 11. f4 exf4 12. gxf4 Be6 13. f5 Bc4 14. Rf2 Qc7 15. Ng3 Rae8 16. b3 Ba6 17. Qd2 c5 18. Re1 Nd7 19. Nd5 Nxd5 20. exd5 cxd4 21. Bxd4 Rxe1+ 22. Qxe1 Bxd4 23. Kh2 Bxf2 24. Qxf2 Qc3 25. Ne4 Qe5+ 26. Kh1 Qxf5 27. Qxf5 gxf5 28. Nxd6 Nc5 29. Nxf5 Re8 30. d6 Re5 31. Nd4 Kg7 32. Kh2 Kf6 33. Kg3 Nd7 34. Kf4 Re1 35. Be4 Nc5 36. Bxh7 Ne6+ 37. Nxe6 Kxe6 38. Bg8 Rf1+ 39. Ke3 Kxd6 40. h4 Ke7 41. h5 Rh1 42. Bh7 Rxh5 43. Be4 Re5 44. Kd4 Kd6 45. Bh7 f5 46. Bg6 f4 47. Bh5 Be2 48. Bg6 f3 0-1

[Event "Titled Tuesday intern op 01st Sept"]
[Site "Chess.com INT"]
[Date "2020.09.01"]
[Round "6"]
[White "Marchena Hurtado, Javier"]
[Black "Brown, Equitable"]
[Result "1-0"]
[WhiteElo "2322"]
[BlackElo "2057"]
[PlyCount "65"]
[EventDate "2020.09.01"]
[EventType "swiss (blitz)"]
[EventRounds "10"]
[EventCountry "USA"]
[SourceTitle "CBM 198 Extra"]
[Source "ChessBase"]
[SourceDate "2020.11.30"]
[SourceVersion "1"]
[SourceVersionDate "2020.11.30"]
[SourceQuality "1"]

1. e4 d6 2. d4 Nf6 3. Nc3 g6 4. f4 Bg7 5. Nf3 0-0 6. Bd3 Na6 7. 0-0 Bg4 8. h3 Bxf3 9. Qxf3 Nd7 10. e5 c5 11. Qxb7 Nb4 12. dxc5 Nxd3 13. cxd3 Nxc5 14. Qd5 Qb6 15. Be3 Qxb2 16. Bxc5 dxc5 17. Na4 Qb5 18. Qc4 Qxc4 19. dxc4 Rac8 20. Rab1 f6 21. e6 Rc6 22. Rfe1 f5 23. Rb7 Ra6 24. Nb2 Rxa2 25. Nd3 Rd8 26. Rd7 Bd4+ 27. Kh2 Rb8 28. Rxe7 Rbb2 29. Nxb2 Rxb2 30. Rd7 Bf6 31. e7 Bxe7 32. Rexe7 a5 33. Re8# 1-0

[Event "Titled Tuesday intern op 25th Aug"]
[Site "Chess.com INT"]
[Date "2020.08.25"]
[Round "10"]
[White "Nastore, Pavel Alexandru"]
[Black "Brown, Equitable"]
[Result "1-0"]
[WhiteElo "2234"]
[BlackElo "2057"]
[PlyCount "93"]
[EventDate "2020.08.25"]
[EventType "swiss (blitz)"]
[EventRounds "10"]
[EventCountry "USA"]
[SourceTitle "CBM 198 Extra"]
[Source "ChessBase"]
[SourceDate "2020.11.30"]
[SourceVersion "1"]
[SourceVersionDate "2020.11.30"]
[SourceQuality "1"]

1. e4 d6 2. d4 Nf6 3. Nc3 g6 4. f4 Bg7 5. Nf3 0-0 6. Bd3 Na6 7. 0-0 Bg4 8. h3 Bxf3 9. Qxf3 Nb4 10. Be3 Nxd3 11. cxd3 c6 12. Rad1 d5 13. e5 Nd7 14. f5 gxf5 15. Qxf5 e6 16. Qh5 f5 17. exf6 Rxf6 18. Bg5 Rxf1+ 19. Rxf1 Qe8 20. Qg4 Qg6 21. Ne2 h6 22. Nf4 Qxg5 23. Qxe6+ Kh7 24. Qxd7 Rd8 25. Qxb7 Kh8 26. Qxc6 Bxd4+ 27. Kh1 Be5 28. Ng6+ Kg7 29. Nxe5 Qxe5 30. Qb7+ Kh8 31. Qxa7 Rg8 32. Qf7 Qg3 33. Qf6+ Rg7 34. Qf8+ Kh7 35. Qf5+ Kh8 36. Qf3 Qc7 37. Qxd5 Qg3 38. Qd8+ Kh7 39. Rg1 Rc7 40. Qd5 Rf7 41. Qxf7+ Kh8 42. Rf1 Qg7 43. Qxg7+ Kxg7 44. d4 Kg6 45. d5 h5 46. d6 h4 47. d7 1-0

[Event "Titled Tuesday intern op 18th Aug"]
[Site "Chess.com INT"]
[Date "2020.08.18"]
[Round "5"]
[White "Ashiev, Eduard"]
[Black "Brown, Equitable"]
[Result "0-1"]
[WhiteElo "2202"]
[BlackElo "2057"]
[PlyCount "64"]
[EventDate "2020.08.18"]
[EventType "swiss (blitz)"]
[EventRounds "10"]
[EventCountry "USA"]
[SourceTitle "CBM 197 Extra"]
[Source "ChessBase"]
[SourceDate "2020.09.30"]
[SourceVersion "1"]
[SourceVersionDate "2020.09.30"]
[SourceQuality "1"]

1. d4 Nf6 2. c4 g6 3. Nc3 Bg7 4. Nf3 0-0 5. e4 d6 6. h3 Na6 7. Bg5 c5 8. d5 Nc7 9. a4 Na6 10. Bd3 Nb4 11. Bb1 Qc7 12. 0-0 h6 13. Be3 g5 14. h4 g4 15. Nd2 Nh5 16. g3 e5 17. dxe6 Bxe6 18. Nd5 Bxd5 19. exd5 Qd7 20. Re1 Rae8 21. Nf1 f5 22. Bd2 Rxe1 23. Qxe1 Bxb2 24. Bc3 Re8 25. Qd2 Bxa1 26. Bxa1 f4 27. gxf4 Rf8 28. Ng3 Nxf4 29. Qb2 Kf7 30. Qg7+ Ke8 31. Bg6+ Nxg6 32. Qxg6+ Qf7 0-1

[Event "Titled Tuesday intern op 18th Aug"]
[Site "Chess.com INT"]
[Date "2020.08.18"]
[Round "9"]
[White "Brown, Equitable"]
[Black "Estrada Nieto, Julian"]
[Result "0-1"]
[WhiteElo "2057"]
[BlackElo "2280"]
[PlyCount "54"]
[EventDate "2020.08.18"]
[EventType "swiss (blitz)"]
[EventRounds "10"]
[EventCountry "USA"]
[SourceTitle "CBM 197 Extra"]
[Source "ChessBase"]
[SourceDate "2020.09.30"]
[SourceVersion "1"]
[SourceVersionDate "2020.09.30"]
[SourceQuality "1"]

1. d4 d5 2. c4 dxc4 3. e3 Nf6 4. Bxc4 e6 5. Nf3 c5 6. 0-0 a6 7. a4 Nc6 8. Nc3 Be7 9. Qe2 cxd4 10. Rd1 e5 11. exd4 exd4 12. Ne5 0-0 13. Bf4 Bc5 14. b4 Bxb4 15. Bxf7+ Kh8 16. Nxc6 bxc6 17. Na2 Be7 18. Qc4 c5 19. Nc1 a5 20. Nd3 Ba6 21. Qc2 Rxf7 22. Ne5 Rf8 23. Nc6 Qd7 24. Nxe7 Qxe7 25. Re1 Qf7 26. Rac1 c4 27. Qf5 d3 0-1

[Event "Titled Tuesday intern op 18th Aug"]
[Site "Chess.com INT"]
[Date "2020.08.18"]
[Round "3"]
[White "Brown, Equitable"]
[Black "Kotepalli, Sai Nirupama"]
[Result "0-1"]
[WhiteElo "2057"]
[BlackElo "1914"]
[PlyCount "54"]
[EventDate "2020.08.18"]
[EventType "swiss (blitz)"]
[EventRounds "10"]
[EventCountry "USA"]
[SourceTitle "CBM 197 Extra"]
[Source "ChessBase"]
[SourceDate "2020.09.30"]
[SourceVersion "1"]
[SourceVersionDate "2020.09.30"]
[SourceQuality "1"]

1. d4 g6 2. c4 Bg7 3. Nf3 e6 4. e4 Ne7 5. Nc3 d5 6. cxd5 exd5 7. e5 0-0 8. h3 Be6 9. Be2 c5 10. Bf4 cxd4 11. Nxd4 Nd7 12. Nf3 a6 13. 0-0 h6 14. Re1 Qb6 15. Qd2 Kh7 16. Rad1 Rfd8 17. Bf1 Rac8 18. Nd4 Nc5 19. Bh2 Nc6 20. Kh1 Rc7 21. f4 Nxd4 22. Qxd4 Qxb2 23. f5 Bxf5 24. Rd2 Qa3 25. Re3 Ne6 26. Nxd5 Qc1 27. Kg1 Nxd4 0-1

[Event "Titled Tuesday intern op 18th Aug"]
[Site "Chess.com INT"]
[Date "2020.08.18"]
[Round "7"]
[White "Hernandez Jimenez, Alexander Andres"]
[Black "Brown, Equitable"]
[Result "0-1"]
[WhiteElo "2132"]
[BlackElo "2057"]
[PlyCount "70"]
[EventDate "2020.08.18"]
[EventType "swiss (blitz)"]
[EventRounds "10"]
[EventCountry "USA"]
[SourceTitle "CBM 197 Extra"]
[Source "ChessBase"]
[SourceDate "2020.09.30"]
[SourceVersion "1"]
[SourceVersionDate "2020.09.30"]
[SourceQuality "1"]

1. e4 d6 2. d4 Nf6 3. Nc3 g6 4. f3 c6 5. Be3 Qb6 6. Qd2 Qxb2 7. Rb1 Qa3 8. Bc4 a6 9. Nge2 e5 10. 0-0 b5 11. Bb3 Nbd7 12. f4 Ng4 13. fxe5 Nxe3 14. Qxe3 dxe5 15. Bxf7+ Kd8 16. dxe5 Bc5 17. Nd4 h6 18. Rb3 Qa5 19. Nxc6+ Kc7 20. Qxc5 Nxc5 21. Nxa5 Nxb3 22. Nxb3 g5 23. Nd5+ Kc6 24. Nd4+ Kc5 25. Ne6+ Bxe6 26. Bxe6 Rhe8 27. Rf6 Kd4 28. Nc7 Kxe5 29. Nxe8 Rxe8 30. Rxh6 Kxe4 31. Rh4+ gxh4 32. Bb3 Ke3 33. Bd5 b4 34. g3 h3 35. Bc6 Rd8 0-1

[Event "Titled Tuesday intern op 18th Aug"]
[Site "Chess.com INT"]
[Date "2020.08.18"]
[Round "1"]
[White "Msellek, Ilyass"]
[Black "Brown, Equitable"]
[Result "1-0"]
[WhiteElo "2316"]
[BlackElo "2057"]
[PlyCount "71"]
[EventDate "2020.08.18"]
[EventType "swiss (blitz)"]
[EventRounds "10"]
[EventCountry "USA"]
[SourceTitle "CBM 197 Extra"]
[Source "ChessBase"]
[SourceDate "2020.09.30"]
[SourceVersion "1"]
[SourceVersionDate "2020.09.30"]
[SourceQuality "1"]

1. e4 e5 2. Nc3 Nf6 3. Bc4 Nc6 4. d3 Be7 5. f4 exf4 6. Nf3 d6 7. 0-0 0-0 8. Bxf4 Bg4 9. Qe1 Bxf3 10. gxf3 Nd7 11. Nd5 Bg5 12. Qg3 Bxf4 13. Nxf4 Nde5 14. Nh5 Ng6 15. f4 Qh4 16. Qxh4 Nxh4 17. Kf2 Nd4 18. c3 Ne6 19. Rg1 g6 20. Rg4 Kh8 21. Nf6 g5 22. f5 Nf4 23. Ke1 h6 24. Kd2 Kg7 25. Nd5 Nxd5 26. Bxd5 c6 27. Bb3 Kf6 28. Rf1 Rfe8 29. d4 Re7 30. Bc2 Rae8 31. a4 c5 32. dxc5 dxc5 33. Kc1 Re5 34. Rd1 R8e7 35. Rd6+ Kg7 36. f6+ 1-0

[Event "Titled Tuesday intern op 11th Aug"]
[Site "Chess.com INT"]
[Date "2020.08.11"]
[Round "2"]
[White "Grieve, Harry"]
[Black "Brown, Equitable"]
[Result "1-0"]
[WhiteElo "2356"]
[BlackElo "2057"]
[PlyCount "93"]
[EventDate "2020.08.11"]
[EventType "swiss (blitz)"]
[EventRounds "10"]
[EventCountry "USA"]
[SourceTitle "CBM 197 Extra"]
[Source "ChessBase"]
[SourceDate "2020.09.30"]
[SourceVersion "1"]
[SourceVersionDate "2020.09.30"]
[SourceQuality "1"]

1. e4 e5 2. Nf3 Nc6 3. Bc4 Nf6 4. d3 Be7 5. 0-0 0-0 6. Re1 d6 7. a4 h6 8. a5 a6 9. c3 Nh7 10. Be3 Ng5 11. Nbd2 Bg4 12. h3 Nxf3+ 13. Nxf3 Bxf3 14. Qxf3 Bg5 15. b4 Bxe3 16. Rxe3 Qh4 17. Kh2 Ne7 18. g3 Qg5 19. h4 Qg6 20. g4 Kh8 21. Rg1 Ng8 22. Qf5 Nf6 23. h5 Qxf5 24. exf5 Nh7 25. Bb3 Rae8 26. Rge1 Ng5 27. Kg3 b6 28. axb6 cxb6 29. Ra1 Rc8 30. c4 b5 31. f4 exf4+ 32. Kxf4 bxc4 33. Bxc4 d5 34. Bxd5 Rb8 35. Rxa6 Rxb4+ 36. Bc4 Rd8 37. Ra7 f6 38. Ree7 Rxc4+ 39. dxc4 Rd4+ 40. Ke3 Rd8 41. Rxg7 Re8+ 42. Rge7 Rc8 43. c5 Rd8 44. c6 Rc8 45. Rad7 Nh3 46. Rh7+ Kg8 47. Rdg7+ 1-0

[Event "Titled Tuesday intern op 11th Aug"]
[Site "Chess.com INT"]
[Date "2020.08.11"]
[Round "9"]
[White "Urh, Zala"]
[Black "Brown, Equitable"]
[Result "1/2-1/2"]
[WhiteElo "2156"]
[BlackElo "2057"]
[PlyCount "87"]
[EventDate "2020.08.11"]
[EventType "swiss (blitz)"]
[EventRounds "10"]
[EventCountry "USA"]
[SourceTitle "CBM 197 Extra"]
[Source "ChessBase"]
[SourceDate "2020.09.30"]
[SourceVersion "1"]
[SourceVersionDate "2020.09.30"]
[SourceQuality "1"]

1. d4 Nf6 2. c4 g6 3. Nc3 Bg7 4. e4 d6 5. Nf3 0-0 6. Be2 e5 7. 0-0 Nc6 8. d5 Ne7 9. b4 Nh5 10. c5 a5 11. Ba3 axb4 12. Bxb4 Nf4 13. Bc4 Bg4 14. a4 g5 15. Nb5 Bxf3 16. Qxf3 dxc5 17. Bxc5 c6 18. d6 Neg6 19. Nc3 Nh4 20. Qg3 Nhxg2 21. d7 Qxd7 22. Bxf8 Rxf8 23. Rfd1 Qe7 24. Bf1 Nh4 25. Ne2 Nhg6 26. Nxf4 exf4 27. Qg4 Bxa1 28. Rxa1 Qxe4 29. Bg2 Qe5 30. Rb1 Qe7 31. Rd1 h6 32. Bf1 Ne5 33. Qf5 Nf3+ 34. Kh1 Nh4 35. Qc2 Qe5 36. Bc4 Qa5 37. Rg1 Qb6 38. Rg4 Nf3 39. Qg6+ Kh8 40. Qxh6+ Kg8 41. Qg6+ Kh8 42. Qh6+ Kg8 43. Qg6+ Kh8 44. Qh6+ 1/2-1/2

[Event "Titled Tuesday intern op 4th Aug 2pm"]
[Site "Chess.com INT"]
[Date "2020.08.04"]
[Round "1"]
[White "Brown, Equitable"]
[Black "Glavina, Pablo"]
[Result "0-1"]
[WhiteElo "2057"]
[BlackElo "2412"]
[PlyCount "140"]
[EventDate "2020.08.04"]
[EventType "swiss (blitz)"]
[EventRounds "10"]
[EventCountry "USA"]
[SourceTitle "CBM 197 Extra"]
[Source "ChessBase"]
[SourceDate "2020.09.30"]
[SourceVersion "1"]
[SourceVersionDate "2020.09.30"]
[SourceQuality "1"]

1. d4 Nf6 2. c4 e6 3. Nc3 Bb4 4. Qc2 0-0 5. Nf3 b6 6. a3 Bxc3+ 7. Qxc3 Bb7 8. Bf4 d6 9. e3 Nbd7 10. Be2 Qe7 11. 0-0 h6 12. Rfe1 Rfe8 13. Rad1 Rac8 14. Bf1 e5 15. Bg3 Ne4 16. Qc2 Nxg3 17. fxg3 e4 18. Nd2 d5 19. b4 dxc4 20. Bxc4 Nf6 21. Nb3 Bd5 22. Bxd5 Nxd5 23. Qc6 Red8 24. Rc1 Rd6 25. Qb7 Rcd8 26. Rc6 Rxc6 27. Qxc6 Rd6 28. Qc2 c6 29. Nd2 f5 30. Nc4 Re6 31. Ne5 Qd6 32. g4 fxg4 33. Qxe4 Nf6 34. Qg6 Qe7 35. Nxg4 Nxg4 36. Qxg4 Rxe3 37. Qc8+ Kh7 38. Rf1 Qe4 39. h4 Rg3 40. Rf2 Qxh4 41. Qxc6 Qxd4 42. Qe6 Rg5 43. Qf7 Qd1+ 44. Rf1 Qc2 45. Qf3 Qg6 46. Rd1 h5 47. Rd5 Rxd5 48. Qxd5 Kh6 49. Qd2+ Qg5 50. Qd6+ Kh7 51. Qd3+ Qg6 52. Qd7 a6 53. Qb7 b5 54. Qd5 Kh6 55. Qd2+ Qg5 56. Qd6+ Qf6 57. Qd2+ g5 58. Qe3 h4 59. Qc5 Kg6 60. Qc2+ Qf5 61. Qc6+ Qf6 62. Qc2+ Kf7 63. Qc8 Qd4+ 64. Kh2 Qd6+ 65. Kg1 Kf6 66. Qh8+ Kf5 67. Qh7+ Kf4 68. Qf7+ Ke5 69. Qg7+ Qf6 70. Qc7+ Ke4 0-1

[Event "Titled Tuesday intern op 4th Aug 10am"]
[Site "Chess.com INT"]
[Date "2020.08.04"]
[Round "2"]
[White "Brown, Equitable"]
[Black "Perdomo, Carlos Andres"]
[Result "0-1"]
[WhiteElo "2057"]
[BlackElo "2301"]
[PlyCount "70"]
[EventDate "2020.08.04"]
[EventType "swiss (blitz)"]
[EventRounds "10"]
[EventCountry "USA"]
[SourceTitle "CBM 197 Extra"]
[Source "ChessBase"]
[SourceDate "2020.09.30"]
[SourceVersion "1"]
[SourceVersionDate "2020.09.30"]
[SourceQuality "1"]

1. d4 d5 2. c4 e6 3. Nf3 Nf6 4. g3 Be7 5. Bg2 0-0 6. 0-0 b6 7. Ne5 Bb7 8. cxd5 Bxd5 9. f3 c5 10. Nc3 Bb7 11. Be3 Nd5 12. Bf2 cxd4 13. Bxd4 Nc6 14. Nxd5 Qxd5 15. Bc3 Qc5+ 16. Kh1 Nxe5 17. Rc1 Nc4 18. Qb3 Na5 19. Qa4 Qg5 20. Bxa5 bxa5 21. Rc7 Ba6 22. f4 Qf6 23. Qd7 Rae8 24. e4 Bxf1 25. e5 Bxg2+ 26. Kxg2 Qf5 27. Rxa7 Qe4+ 28. Kh3 Bc5 29. Rxa5 Qf5+ 30. Kg2 Qc2+ 31. Kh3 Bg1 32. Qb5 Qxh2+ 33. Kg4 h5+ 34. Kf3 Qf2+ 35. Ke4 Qe3# 0-1

[Event "Titled Tuesday intern op 4th Aug 10am"]
[Site "Chess.com INT"]
[Date "2020.08.04"]
[Round "6"]
[White "Brown, Equitable"]
[Black "Ronka, Erik"]
[Result "0-1"]
[WhiteElo "2057"]
[BlackElo "2281"]
[PlyCount "94"]
[EventDate "2020.08.04"]
[EventType "swiss (blitz)"]
[EventRounds "10"]
[EventCountry "USA"]
[SourceTitle "CBM 197 Extra"]
[Source "ChessBase"]
[SourceDate "2020.09.30"]
[SourceVersion "1"]
[SourceVersionDate "2020.09.30"]
[SourceQuality "1"]

1. d4 Nf6 2. c4 e6 3. Nf3 b6 4. a3 Bb7 5. Nc3 d5 6. cxd5 Nxd5 7. Qc2 Be7 8. e4 Nxc3 9. bxc3 0-0 10. Bd3 c5 11. 0-0 cxd4 12. cxd4 Ba6 13. Bb2 Bxd3 14. Qxd3 Nc6 15. Rac1 Rc8 16. Rfd1 Qd6 17. d5 exd5 18. exd5 Na5 19. Be5 Qxa3 20. Rxc8 Rxc8 21. Qf5 Rc1 22. Re1 Rxe1+ 23. Nxe1 Qc1 24. Qe4 Bf8 25. h3 Nc4 26. d6 Nxe5 27. Qxe5 Qd1 28. g3 Qxd6 29. Qxd6 Bxd6 30. Kg2 f6 31. Kf3 Kf7 32. Ke4 Ke6 33. Kd3 a5 34. Kc4 Bc5 35. Kb5 Bxf2 36. Nd3 Bxg3 37. Kxb6 a4 38. Nc5+ Kf5 39. Nxa4 Bf2+ 40. Kc6 Kf4 41. Kd5 Kg3 42. Nc3 Kxh3 43. Ne4 Be1 44. Ke6 Kg4 45. Nxf6+ gxf6 46. Kxf6 h5 47. Kg6 h4 0-1

[Event "Titled Tuesday intern op 4th Aug 10am"]
[Site "Chess.com INT"]
[Date "2020.08.04"]
[Round "1"]
[White "Galyas, Miklos"]
[Black "Brown, Equitable"]
[Result "1-0"]
[WhiteElo "2476"]
[BlackElo "2057"]
[PlyCount "99"]
[EventDate "2020.08.04"]
[EventType "swiss (blitz)"]
[EventRounds "10"]
[EventCountry "USA"]
[SourceTitle "CBM 197 Extra"]
[Source "ChessBase"]
[SourceDate "2020.09.30"]
[SourceVersion "1"]
[SourceVersionDate "2020.09.30"]
[SourceQuality "1"]

1. d4 Nf6 2. Bf4 g6 3. Nf3 Bg7 4. e3 0-0 5. Be2 d6 6. 0-0 Nfd7 7. h3 e5 8. Bh2 Nc6 9. c4 f5 10. Nc3 e4 11. Nd2 Ne7 12. Rc1 Nf6 13. c5 a6 14. cxd6 cxd6 15. Nc4 d5 16. Nd6 g5 17. Na4 f4 18. Nxc8 Rxc8 19. exf4 gxf4 20. Bxf4 Ng6 21. Bg3 Ne8 22. Nc5 Qe7 23. Bg4 Rc6 24. Qb3 Nf6 25. Qxb7 Qxb7 26. Nxb7 Rxc1 27. Be6+ Kh8 28. Rxc1 Nh5 29. Bd6 Rf6 30. Rc8+ Bf8 31. Bxf8 Nxf8 32. Bxd5 Nf4 33. Bxe4 Ne2+ 34. Kh2 Nxd4 35. f3 Kg7 36. Nc5 Ng6 37. Rc7+ Kh6 38. Rd7 Ne6 39. Nxe6 Rxe6 40. b4 Nf8 41. Rf7 Ng6 42. a4 Rb6 43. Rb7 Rd6 44. b5 axb5 45. axb5 Rd2 46. Bxg6 hxg6 47. b6 Kg5 48. Rb8 Rb2 49. b7 Rb1 50. h4+ 1-0